00587 2200193 4500001002100000005001500021035002000036008003900056245013100095100001800226260004600244084001300290082000700303650001700310250001000327300002600337990001500363990001500378INLIS00000000000462020260429100718 a0010-0125000327260429 | | | 1 aGambaran Pemeriksaan Sedimen Urin Pada Pasien Isk Rawat Inap Di Rsi Pku Muhammadiyah Palangka Raya Tahun 2023 /cWuni Rahasona aWuni Rahasona aPalangka Raya :bPerpustakaan UMPR,c2024 a72 WUN g a72 4aSEDIMEN URIN aCet 1 axvii, 32 hlm :bilus. a2172023931 a2172023931